| 000 | 01635nam a2200265Ia 4500 | ||
|---|---|---|---|
| 999 |
_c34600 _d34600 |
||
| 001 | 361 | ||
| 003 | GE_BSU | ||
| 005 | 20200130142234.0 | ||
| 008 | 181216s2008||||ge |||||||||||||| ||geo|| | ||
| 040 | _cGE_BSU | ||
| 041 | _ageo | ||
| 080 | _a611 კ-36 | ||
| 100 |
_aკაციტაძე, ზურაბ _96529 |
||
| 245 |
_aადამიანის ანატომია : _b საჭმლის მომნელებელი სისტემა, სასუნთქი სისტემა, გამოყოფის სისტემა, სასქესო სისტემა, ენდოკრინული სისტემა, იმუნური უზრუნველყოფის სისტემა / _cზ. კაციტაძე. |
||
| 264 |
_aთბილისი : _bმეცნიერება, _c2008. |
||
| 300 |
_a208 გვ.: _bსურ. ; _c19 სმ. |
||
| 653 | _aადამიანის ანატომია | ||
| 653 | _a საჭმლის მომნელებელი სისტემის ანატომია | ||
| 653 | _aსასუნთქი სისტემის ანატომია | ||
| 653 | _aგამოყოფის სისტემის ანატომია | ||
| 653 | _aსასქესოს სისტემის ანატომია | ||
| 653 | _aენდოკრინული სისტემის ანატომია | ||
| 653 | _a იმუნური უზრუნველყოფის სისტემის ანატომია | ||
| 942 |
_cBK _2udc |
||